000 00867nas a2200277 4500
001 BR2012004596
003 BR-BrBNA
005 20231205120752.0
007 ta
008 230509b bl.|||p| |||| 00| 00por d
040 _aBR-BrBNA
_bpor
_cBiblioteca Nacional de Agricultura
041 _a(En)
072 _aL60
100 1 _aMartins, L. de P.
100 1 _aRedu, D.R.
100 1 _aOliveira, G.L. de
100 1 _aZefa, E.
245 1 _aRecognition characters and new records of two species of phylloscyrtini (Orthoptera, Gryllidae, Trigonidiinae)from southern Brazil
500 _a]
650 _aTAXONOMIA ANIMAL
650 _aBIOLOGIA ANIMAL
650 _aGRILO
773 0 _tIheringia. Série Zoologia (Brazil)
_xISSN 0073-4721
_g(Mar 2012), v. 102(1) p. 95-98
_wBR2012004596
909 _a202311
_bLúcia
_c55
_dLúcia Elande
942 _2AGRIS
_n0
_cANA
999 _c220218
_d220218